000 00454cam a2200181ua 4500
020 _c15 net
041 _aeng
_h
082 _a370.1931
_bBAT/SC
100 _aBatten, T R .
245 _aSchool and community in the tropics /
_cT R Batten.
_hTextual Documents
250 _a1 /
_b.
260 _aLondon :
_bOxford University Press ,
_c1963.
300 _a177 ; .
365 _a15 net
504 _a
942 _cBK
999 _c11800
_d11800